000 01203aam a2200325 i 4500
999 _c37157
_d37157
001 768714001
003 CO-MdFUSB
005 20200811141610.0
007 ta
008 200811t1994 ag |||| |||| 00| 0 spa d
020 _a[No incluye ISBN]
040 _bspa.
_aCO-MdFUSB
_cCO-MdFUSB
_dCO-MdFUSBC
_erda
041 _aspa
_heng
082 0 4 _223
_a261.85
_bC11116f
110 _aEquipo de traductores del CMI
240 _aChristian faith and the worl economy today
245 1 3 _aLa fe cristiana y la economía mundial hoy :
_bguia de estudio
_c/ traducido por Equipo de traductores del CMI , C. René Padilla.
264 1 _aBuenos Aires, Argentina :
_bRegnum,
_c[1994]
264 4 _c© 1994
300 _a85 Páginas
_c; 22 cm
336 _atexto
_btxt
_2rdacontent
337 _2rdamedia
_asin mediación
_bn
338 _2rdacarrier
_avolumen
_bnc
505 _aEconomía y fe cristiana -- críterios para la elaboración de políticas económicas -- ¿Qué podemos hacer? Posibilidades de acción para los cristianos.
563 _aRústico
650 0 _aCristianismo y economía
_91199
700 1 _9775
_aPadilla, C. René
_d1932-
_etraductor
942 _cBK
945 _aJTF-925